Score 0/60 Timer 05:00
0 Plays Today
Hint 4-Letter Word % Correct
Magic stickWAND
94.9%
Golfer's shoutFORE
93.2%
ChillyCOLD
93.2%
Air currentWIND
93%
Apple centerCORE
92.9%
DiscoverFIND
92.6%
Singer Nat KingCOLE
91.9%
Absence of lightDARK
90.8%
Female horseMARE
90.1%
Show concernCARE
89.7%
Hospital wingWARD
89.3%
FungusMOLD
87.8%
Eat (formally)DINE
87.1%
Simpson sonBART
86.7%
SatisfactoryFINE
86.5%
UnclothedBARE
85.9%
Ore sourceMINE
83.7%
Thought centerMIND
83.6%
Kind of milkshakeMALT
83.3%
ChallengeDARE
83%
SongbirdLARK
82.9%
CopenhagenerDANE
82.6%
Opposite of firstLAST
82.5%
GentleMILD
82.1%
Stones' JaggerMICK
82.1%
ConflagrationFIRE
81.8%
Item for saleWARE
81.4%
Small rodentsMICE
81%
LightningBOLT
80.1%
Actor ReynoldsBURT
79.7%
Hint 4-Letter Word % Correct
Shed feathersMOLT
79.6%
Actress BlanchettCATE
78.8%
To drillBORE
77.5%
ShopMART
76.7%
Parasitic insectsLICE
75.3%
Fence supportPOST
75.1%
Hair ringletCURL
74.9%
Pre-presentPAST
74.1%
____ d'IvoireCÔTE
74%
Skin openingPORE
72.6%
Rudely briefCURT
72.4%
HarborPORT
72.1%
Prized weasel furMINK
70.4%
Pine tree fruitCONE
69.3%
Tree trunkBOLE
69.2%
Open fabricLACE
68.5%
Lacking colorPALE
68.3%
Lie in waitLURK
68.1%
FriarMONK
64.9%
Emit coherent radiation LASE
63.7%
FortuneLUCK
60.6%
Shout outCALL
55.8%
To break downCONK
55.3%
Funeral clothPALL
55.2%
Rate of speedPACE
55.1%
Weed outCULL
54.1%
Purplish redPUCE
48.9%
Author Clare BootheLUCE
48.6%
RestrainBATE
43.8%
Insulation pieceBATT
43.2%

Today's Daily Dose

Remove Ads.
Support Sporcle.
Get the best of Sporcle when you Go Orange. This ad-free experience offers more features, more stats, and more fun while also helping to support Sporcle. Thank you for becoming a member.

You're not logged in!

Compare scores with friends on all Sporcle quizzes.
OR
Log In

Show Comments

Extras

Top Quizzes Today


Score Distribution

Your Account Isn't Verified!

In order to create a playlist on Sporcle, you need to verify the email address you used during registration. Go to your Sporcle Settings to finish the process.

Report this User

Report this user for behavior that violates our Community Guidelines.

Details: